| 000 | 00537nam a2200229 a 4500 | ||
|---|---|---|---|
| 999 |
_c172965 _d172965 |
||
| 005 | 20190602212133.0 | ||
| 008 | 190602b my ||||| |||| 00| 0 eng d | ||
| 040 |
_aPPAK _cPPAK |
||
| 082 | _a641.65 | ||
| 090 | 0 | 0 |
_a641.65 _bAZV _dR |
| 245 | _aA-Z vegetable variety | ||
| 260 | _aLondon | ||
| 260 | _bMarshall Cavendish Books | ||
| 260 | _c1985 | ||
| 300 | _a72 p. | ||
| 300 | _bill. | ||
| 300 | _c28 cm. | ||
| 336 |
_2rdacontent _atext |
||
| 337 |
_2rdamedia _aunmediated |
||
| 338 |
_2rdacarrier _avolume |
||
| 942 |
_2ddc _cB |
||